International General Knowledge Quiz (Answer & Country) - Statistics

General Stats
  • This quiz has been taken 1,145 times
    1,144 since last reset
  • The average score is 18 of 29
Answer Stats
Question Answer % Correct
Country 5 China
88%
What is the most spoken language in the world? (Where are most of those speakers from) Mandarin (Chinese)
88%
Country 4 Russia (Soviet Union)
86%
Country 3 United States
83%
What is the name of the tallest mountain in Africa? (Where is this mountain?) Mount Kilimanjaro
81%
Country 8 Nepal
75%
Country 7 Brazil
74%
Country 10 France
73%
Country 14 Italy
72%
Country 2 Japan
72%
Country 12 Indonesia
71%
Country 6 Tanzania
71%
What city is hosting the 2020 Olympic Games? (What country?) Tokyo
71%
Country 1 United Kingdom
71%
What structure opened on March 31st 1889, standing at over 900ft tall? (Where is it?) Eiffel Tower
70%
What was the name of the first satellite sent to space? (What country sent it?) Sputnik 1
70%
In what city would you most commonly find a gondola? (What country is this city in?) Venice
70%
Who is the richest person in the world? (Where are they from?) Bill Gates
68%
What is the biggest city on the island of Java? (What country is it in?) Jakarta
64%
What is the name of the tallest waterfall in the world? (Where is it?) Angel Falls
60%
What shape is the only non-rectangular national flag? (Whose flag is it?) Two Triangles (Irregular Pentagon)
58%
Country 11 Venezuela
55%
What is the tallest building in Western Europe? (Where is it?) The Shard
53%
What is the busiest airport in South America? (Where is it?) São Paulo-Guarulhos International Airport
44%
What franchise grossed almost $6 billion in the worldwide box office? (Where was it primarily filmed?) Middle Earth
30%
Country 15 New Zealand
29%
Country 13 Cuba
23%
In 2001, what country had 5 presidents in 2 weeks? Argentina
20%
What is the name of the oldest US Naval Base? (Where is it?) Guantanamo Bay
20%
No matching quizzes found
Score Distribution
Percent of People with Each Score
Percentile by Number Answered
Your Score History
You have not taken this quiz since the last reset